Propuesta de un Manual de Funciones y Procedimientos para las áreas de Administración y Producción de quesillo fundido de la micro empresa CHONTALAC, ubicada en el municipio de San Pedro de Lóvago
El estudio es una propuesta de un manual de funciones y procedimientos para las áreas de administración y Producción de quesillo fundido de la micro empresa CHONTALAC, ubicada en el municipio de San Pedro de Lóvago, cuya finalidad de la misma es una mejora significativa en la gestión organizac...
| Main Authors: | , , |
|---|---|
| Other Authors: | |
| Format: | Tesis Section = Libro |
| Language: | Undetermined Spanish |
| Published: |
Managua
UNI
2023
|
| Subjects: |
| LEADER | 01751nam a2200277Ia 4500 | ||
|---|---|---|---|
| 008 | 240830s9999 xx 000 0 und d | ||
| 040 | |a BIBLIOTECA-RUPAP/ Mon 658.402 G643 | ||
| 041 | |a spa | ||
| 082 | |a Mon 658.402 G643 | ||
| 100 | 1 | |a González González, Ayeska Graciela | |
| 100 | 1 | |b López Mendiola, Kenia de los Angeles, | |
| 100 | 1 | |c Rivera Pilarte, Mayerlis de los Angeles, | |
| 245 | 1 | 0 | |a Propuesta de un Manual de Funciones y Procedimientos para las áreas de Administración y Producción de quesillo fundido de la micro empresa CHONTALAC, ubicada en el municipio de San Pedro de Lóvago |
| 260 | |a Managua |b UNI |c 2023 | ||
| 300 | |a 143 p. :il. | ||
| 500 | |a Contiene: anexos y CD. | ||
| 502 | |a Tesis (Ingeniero Industrial) - UNI, 2023. | ||
| 520 | 3 | |a El estudio es una propuesta de un manual de funciones y procedimientos para las áreas de administración y Producción de quesillo fundido de la micro empresa CHONTALAC, ubicada en el municipio de San Pedro de Lóvago, cuya finalidad de la misma es una mejora significativa en la gestión organizacional de los procesos asociados a las áreas de interés, mitigando de forma puntual incidencias significativas tales como : débil comunicación entre áreas, déficit en los procedimientos operativos vinculados, reducción de la eficiencia de los recursos utilizados y ausencia de un manual diseñado al control y mejora de los procedimientos, siendo motivos necesarios para establecer un diseño de propuesta. | |
| 650 | 7 | |a ORGANIZACION-MANUALES | |
| 650 | 7 | |b MANUALES ADMINISTRATIVOS | |
| 650 | 7 | |c DESCRIPCION | |
| 650 | 7 | |d MANUAL DE FUNCIONES | |
| 700 | 1 | |a Tutor: |b Velásquez Vargas, Glenda Marcia | |
| 942 | |c BK |2 ddc | ||
| 991 | |a Tesis | ||
| 999 | |c 27569 | ||